| 000 | 01367 a2200217 4500 | ||
|---|---|---|---|
| 001 | 54620 | ||
| 005 | 20260407155821.0 | ||
| 008 | 260407a1988 arg spa d | ||
| 003 | AR-UNSa-BCEJYS | ||
| 040 |
_aAR-UNSa-BCEJYS _bspa _cAR-UNSa-BCEJYS |
||
| 080 |
_a94:32 _xHistoria Política |
||
| 245 | 1 | 0 | _aHistoria de las ideas políticas |
| 020 | _a84-309-0734-3 | ||
| 250 | _a5a. ed. | ||
| 264 | 1 |
_aMadrid : _bTecnos _c1988 |
|
| 300 |
_a658 p. _c23,5 cm. |
||
| 505 | _a1. Gerencia y el mundo helenístico – 2. Roma y los comienzos del cristianismo – 3. La Alta Edad Media: un empirismo hipocrático – 4. La Edad Media: el poder pontificio entre los antiguos y los nuevos poderes – 5. El ocaso de la Edad Media (siglo XIV y XV) – 6. La renovación de las ideas en las luchas políticas del siglo XVI – 7. Victorias del absolutismo – 8. Ocaso del absolutismo – 9. El siglo de las luces – 10. El pensamiento revolucionario – 11. Reflexiones sobre la revolución – 12. El movimiento de las ideas políticas hasta 1848 – 13. La posteridad de Hegel y la formación del marxismo – 14. El marxismo – 15. Liberalismo, tradicionalismo, imperialismo (1848-1914). El positivismo político – 16. Socialismo y movimiento revolucionario – 17. El siglo XX. | ||
| 942 | _cBK | ||
| 590 | _aniveau_biblio:m niveau_hierar:0 | ||
| 100 | 1 | _aTouchard, Jean | |
| 999 |
_c5694 _d5694 |
||